| 000 | 00810nam a22002177a 4500 | ||
|---|---|---|---|
| 005 | 20231106135300.0 | ||
| 008 | 140714t sp ||||| |||| 00| 0 spa d | ||
| 020 | _a8474328209 | ||
| 050 | 0 | 4 |
_aHV6768 _bM35 2000 |
| 100 | 1 | _aMalem Seña, Jorge F. | |
| 245 | 1 | 0 |
_aGlobalización, comercio internacional y corrupción _c / Jorge F. Malem Seña ; colección dirigida por Ernesto Garzón Valdés y Jorge F. Malem Seña. |
| 250 | _a1a ed. | ||
| 260 |
_aBarcelona, España : _bGedisa, _c2000 |
||
| 300 |
_a220 p. : _bil. , _c23 cm. |
||
| 490 | 0 | _aSerie Cla-De-Ma / Filosofía del Derecho | |
| 504 | _aIncluye bibliografía : p. 207-216 e índice | ||
| 650 | 7 |
_2lemb _aDelitos Mercantiles |
|
| 650 | 7 |
_2lemb _aSociedades anónimas |
|
| 650 | 7 |
_2lemb _aPrácticas corruptas _vMundialización |
|
| 942 |
_2lcc _cLIB |
||
| 999 |
_c74769 _d74769 |
||